Krajowy impostor (tłumaczenia) - Statystyki

Ogólne statystyki
  • Ten quiz został rozwiązany 8 razy
  • Średni wynik to 4 z 10
Statystyki odpowiedzi
Zagadnienie Odpowiedź % Poprawnych
Malta Küpros (Estoński)
63%
Wyspy Salomona Маршалы сакъадæхтæ (Osetyjski)
50%
Argentyna 巴西 (Chiński)
50%
Polska رومانيا (Sindhi)
50%
Korea Południowa Põhja-Korea (Estoński)
38%
Dominikana دومينيكا (Arabski)
25%
Irlandia Исланди (Czeczeński)
25%
Japonia ताइवान (Maithili)
25%
Kazachstan Кыргызстан (Udmurcki)
25%
Belize ಬೆನಿನ್ (Kannada)
13%
Nie znaleziono quizów pasujących do podanych kryteriów
Rozkład punktacji
Procent ludzi z każdym wynikiem
Percentyl według liczby udzielonych odpowiedzi
Twoja historia wyników
Nie rozwiązałeś tego quizu